00471 2200193 4500001002100000005001500021035002000036008004100056245004600097100002100143250000600164260003600170300001100206084001400217082000800231650001400239990001200253990001200265INLIS00000000000036420240503072519 a0010-0424000340240503 0 ind 1 aDemokrasi Di Indonesia /cYudi Suparyanto aSuparyanto, Yudi a1 aJakarta :bCempaka Putih,c2017 a60 hlm a300 YUD d a300 4aNon Fiksi a0728669 a0728670